000 00625cam a2200181 4500
001 D2264
008 090401t1949 xxu||||| |||| 00| 0 eng d
035 _a(Sirsi) u68374
041 _aeng
050 _a333.335
110 _aCentral Landowners Association
245 3 _aAn enquiry into agricultural rents and the expenses of landowners in England and Wales: 1938 and 1946, conducted jointly by the Central Landowners` Association, with a report by D.K. Britton
260 _aLondon
_bCentral Landowners` Association
_c1949
300 _a58p. figs. tables. bib. 22cm
350 _a0
942 _n0
948 _c04/03/1997
999 _c95097
_d95097